000 04128cam a22012614i 4500
003 PE-LiUPU
005 20250813185614.0
008 150706s r 000 0 d
035 _a(Sirsi) a51401
035 _a(Sirsi) a51401
040 _aPE-LiUPU
_bspa
_cPE-LiUPU
_erda
049 _aPRUA
082 0 4 _a370
_bR76
_221
100 1 _aRoig Ibáñez, José,
_eautor.
245 1 3 _aLa educación ante un nuevo orden mundial :
_bdiagnósticos y reflexiones en torno a los nuevos problemas que le plantea el nuevo ordenamiento mundial /
_cJosé Roig Ibáñez.
264 1 _aMadrid :
_bDíaz de Santos,
_c2006.
300 _a478 páginas ;
_c24 cm.
336 _atext
_2rdacontent
337 _aunmediated
_2rdamedia
338 _avolume
_2rdacarrier
505 0 _aLa educación ante un nuevo orden mundial -- La educación ante el proceso de globalización: ante una sociedad global, mundial y transnacional -- La educación ante el problema de la conservación de la naturaleza: por un crecimiento sostenido, en paz y en democracia -- La educación ante una sociedad pluralista y abierta, ante una sociedad multicultural o multiétnica y ante los nacionalismos y las minorías etnoculturales -- La educación y la cultura entre la modernidad y la postmodernidad: sus luces y sombras -- La educación ante el advenimiento de la sociedad del saber y la reforma del mercado de trabajo -- La educación ante la evolución del pensamiento y del conocimiento humano -- La educación ante nuestra era postética: de una ética del deber, de obligación, a una ética mínima y de derechos -- La educación ante su propia crisis mundial: la educación a debate, revisión y diagnóstico.
526 _aP202
526 _aP201
526 _aP163
526 _aP162
526 _aP161
526 _aP160
526 _aP148
526 _aP147
526 _aP146
526 _aP145
526 _aP144
526 _aP143
526 _aP142
526 _aP141
526 _aP140
526 _aP139
526 _aP138
526 _aP137
526 _aP136
526 _aP135
526 _aP134
526 _aP133
526 _aP129
526 _aP128
526 _aP127
526 _aP120
526 _aP119
526 _aP118
526 _aP116
526 _aP115
526 _aP114
526 _aP110
526 _aP109
526 _aP108
526 _aP104
526 _aP103
526 _aP102
526 _aP99
526 _aP98
526 _aP97
526 _aP96
526 _aP95
526 _aP93
526 _aP90
526 _aP89
526 _aP88
526 _aP83
526 _aP82
526 _aP62
526 _aP59
526 _aP58
526 _aP57
526 _aP51
526 _aP49
526 _aP48
526 _aP47
526 _aP29
526 _aP24
526 _aP20
526 _aP19
526 _aP17
526 _aP15
526 _aP14
526 _aP12
526 _aP10
526 _aP09
526 _aP08
526 _aP07
526 _aP06
526 _aP05
526 _aP04
526 _aP01
541 _g030-0012554;
650 0 4 _aPolítica educativa.
650 0 4 _aEtica.
650 0 4 _aEducación internacional.
650 0 4 _aGlobalización
_xAspectos educativos.
650 0 4 _aEducación
_ySiglo XXI
_xPredicciones.
650 0 4 _aEducación y desarrollo.
650 0 4 _aSociología de la educación.
_91088
910 _agl
_bjv
_clch
_d20121009
942 _2ddc
_cBOOK
949 _aPGE 370 R76
_wDEWEY
_c1
_i65354
_lPOSTGRADO
_mBUL
_p53.00
_r0
_sY
_tBOOK
_u2015-7-6
_xPOSGRADO
_PP57
_o.CIRCNOTE. No olvidar cambiar la fecha de devolución!!!!!!!
_o.STAFF. Colección General
994 _aC0
_bPEPRU
596 _a1
999 _aPGE 370 R76
_wDEWEY
_c53923
_i65354
_d53923
_e2018-5-18
_f2021-11-8
_g5
_lCCODEBUL1
_mBUL
_n2
_p53.00
_q1
_r0
_sY
_tBOOK
_u2015-7-6
_xEDUCACION
_PP57
_0COMPRA
_o.CIRCNOTE. No olvidar cambiar la fecha de devolución!!!!!!!
_o.STAFF. Colección General
980 _81
_gALBERTO SANCHEZ Responsable de Automatización